Linkin Park- Talking to Myself Lyrics Quiz - Statistics

General Stats
  • This quiz has been taken 33 times
  • The average score is 32 of 36
Answer Stats
Answer % Correct
But I know, yeah, I know, yeah, I know, I'm just {talking} {to} {myself}
100%
But I know, yeah, I know, yeah, I know, I'm just {talking} {to} {myself}
100%
But I know, yeah, I know, yeah, I know, I'm just {talking} {to} {myself}
100%
But I know, yeah, I know, yeah, I know, I'm just {talking} {to} {myself}
100%
{Talking} {to} {myself}, {talking} {to} {myself}
100%
{Talking} {to} {myself}, {talking} {to} {myself}
100%
{Talking} {to} {myself}, {talking} {to} {myself}
100%
Yeah I know, yeah, I know, yeah, I know, I'm just {talking} {to} {myself}
100%
Yeah I know, yeah, I know, yeah, I know, I'm just {talking} {to} {myself}
100%
And the truth is, you turned into {someone} {else}
92%
And the truth is, you turned into {someone} {else}
92%
And the truth is, you turned into {someone} {else}
92%
But you're not giving {me} {a} {chance}
92%
When you leave me, where {do} {you} {go}?
92%
All the walls that you keep {building}
88%
All the walls that you keep {building}
88%
I admit I made {mistakes}
88%
I can {whisper}, I can yell
88%
I can {whisper}, I can yell
88%
I can {whisper}, I can yell
88%
Oh, all the walls that you keep {building}
88%
Tell me what I've {gotta} {do}
88%
There's no getting {through} {to} {you}
88%
You keep running like the {sky} {is} {falling}
88%
You keep running like the {sky} {is} {falling}
88%
You keep running like the {sky} {is} {falling}
88%
Can't you hear me calling you {home}
84%
The {lights} {are} {on}, but nobody's home
84%
But, yours might cost you {everything}
80%
You say I can't {understand}
80%
All the ways that I keep {losing} {you}
76%
All the ways that I keep {losing} {you}
76%
All the ways that I keep {losing} {you}
76%
All this time that I spent {chasing}
72%
All this time that I spent {chasing}
72%
All this time that I spent {chasing}
72%
No matching quizzes found
Score Distribution
Percent of People with Each Score
Percentile by Number Answered
Your Score History
You have not taken this quiz